[Event "Krefeld op"]
[Site "Krefeld"]
[Date "2023.08.03"]
[Round "3"]
[White "Bahr, Jan Hendrik"]
[Black "Heinzel, Thomas"]
[Result "1-0"]
[WhiteElo "1709"]
[BlackElo "1735"]
[PlyCount "105"]
[EventDate "2023.08.02"]
[EventType "swiss"]
[EventRounds "9"]
[EventCountry "GER"]
[SourceTitle "CBM 215 Extra"]
[Source "ChessBase"]
[SourceDate "2023.09.30"]
[SourceVersion "1"]
[SourceVersionDate "2023.09.30"]
[SourceQuality "1"]

1. d4 d5 2. c4 e6 3. cxd5 exd5 4. Nc3 Nf6 5. Bg5 c6 6. Qc2 Be7 7. e3 Nbd7 8. Bd3 h6 9. Bh4 Nh5 10. Bxe7 Qxe7 11. Nge2 Nb6 12. 0-0 0-0 13. Rae1 Bd7 14. Nc1 Qg5 15. Kh1 Rae8 16. a4 Qh4 17. Be2 f5 18. Nd3 f4 19. Bxh5 Qxh5 20. Nxf4 Qg5 21. b3 Bf5 22. Qd2 Rf7 23. Nd3 Nd7 24. f4 Qg6 25. Ne5 Nxe5 26. fxe5 Ref8 27. Rf4 Qe6 28. Ref1 g5 29. R4f2 Qg6 30. Kg1 h5 31. b4 a6 32. Qa2 h4 33. Qd2 g4 34. Rf4 Qg5 35. Qe2 Kh8 36. Qd2 Qg6 37. Qb2 Bd3 38. Rxf7 Rxf7 39. Rxf7 Qxf7 40. Qf2 Kg7 41. Qxf7+ Kxf7 42. Kf2 Ke6 43. a5 Bc2 44. g3 h3 45. Ke2 Kd7 46. Kd2 Bf5 47. e4 dxe4 48. Ke3 Ke6 49. Nxe4 Kd5 50. Nd6 Bd7 51. Nxb7 Kc4 52. Nc5 Be8 53. Nxa6 1-0